Fr. Conceicao Rodrigues College of Engineering

Professional PHP 4 (Record no. 23600)

MARC details
000 -LEADER
fixed length control field 00283nam a2200145Ia 4500
082 ## - DEWEY DECIMAL CLASSIFICATION NUMBER
Classification number 5.1
Item number ARG
100 ## - MAIN ENTRY--PERSONAL NAME
Personal name Argerich/Luis
245 ## - TITLE STATEMENT
Title Professional PHP 4
260 ## - PUBLICATION, DISTRIBUTION, ETC.
Name of publisher, distributor, etc. Shroff Pub.
Date of publication, distribution, etc. 2002
300 ## - PHYSICAL DESCRIPTION
Extent 975
546 ## - LANGUAGE NOTE
Language note ENGLISH
654 ## - SUBJECT ADDED ENTRY--FACETED TOPICAL TERMS
Focus term PHP 4
942 ## - ADDED ENTRY ELEMENTS (KOHA)
Koha item type BOOK
Holdings
Withdrawn status Lost status Damaged status Not for loan Collection Home library Current library Date acquired Total Checkouts Full call number Barcode Date last seen Price effective from Koha item type
        CRC Fr. Agnel's C.Rodrigues College of Engineering Fr. Agnel's C.Rodrigues College of Engineering 17/03/2023   5.1 ARG 12823 17/03/2023 17/03/2023 BOOK